European Yearbook of International Economic Law 2018

Volume 9 of the EYIEL focusses on natural resources law understood as a special area of international economic law. In light of increasing conflicts over access to and the use of natural resources and of their impact on political, social and environmental aspects, the contributions of this volume an...

Full description

Bibliographic Details
Corporate Author: SpringerLink (Online service)
Other Authors: Bungenberg, Marc (Editor, http://id.loc.gov/vocabulary/relators/edt), Krajewski, Markus (Editor, http://id.loc.gov/vocabulary/relators/edt), Tams, Christian J. (Editor, http://id.loc.gov/vocabulary/relators/edt), Terhechte, Jörg Philipp (Editor, http://id.loc.gov/vocabulary/relators/edt), Ziegler, Andreas R. (Editor, http://id.loc.gov/vocabulary/relators/edt)
Format: Electronic eBook
Language:English
Published: Cham : Springer International Publishing : Imprint: Springer, 2019.
Edition:1st ed. 2019.
Series:European Yearbook of International Economic Law, 9
Subjects:
Online Access:Full Text via HEAL-Link
LEADER 04399nam a2200601 4500
001 978-3-319-97752-2
003 DE-He213
005 20191028081835.0
007 cr nn 008mamaa
008 190225s2019 gw | s |||| 0|eng d
020 |a 9783319977522  |9 978-3-319-97752-2 
024 7 |a 10.1007/978-3-319-97752-2  |2 doi 
040 |d GrThAP 
050 4 |a K3820-3836 
072 7 |a LBBM  |2 bicssc 
072 7 |a LAW051000  |2 bisacsh 
072 7 |a LBBM  |2 thema 
082 0 4 |a 343.07  |2 23 
245 1 0 |a European Yearbook of International Economic Law 2018  |h [electronic resource] /  |c edited by Marc Bungenberg, Markus Krajewski, Christian J. Tams, Jörg Philipp Terhechte, Andreas R. Ziegler. 
250 |a 1st ed. 2019. 
264 1 |a Cham :  |b Springer International Publishing :  |b Imprint: Springer,  |c 2019. 
300 |a XVII, 524 p.  |b online resource. 
336 |a text  |b txt  |2 rdacontent 
337 |a computer  |b c  |2 rdamedia 
338 |a online resource  |b cr  |2 rdacarrier 
347 |a text file  |b PDF  |2 rda 
490 1 |a European Yearbook of International Economic Law,  |x 2364-8392 ;  |v 9 
505 0 |a Part I Natural Resources Law -- Part II Regions -- Part III Institutions -- Part IV Book Reviews. 
520 |a Volume 9 of the EYIEL focusses on natural resources law understood as a special area of international economic law. In light of increasing conflicts over access to and the use of natural resources and of their impact on political, social and environmental aspects, the contributions of this volume analyse to which extent international economic law can contribute to the sustainable exploitation, management and distribution of natural resources. The volume collects contributions on general principles of natural resources law, the importance of natural resources for trade, investment and European economic law as well as analyses of particular sectors and areas including fracking, timber, space and deep seabed mining and natural resources in the arctic region. In its section on regional developments, EYIEL 9 addresses two regional integration systems which are usually not at the centre of public interest, but which deserve all the more attention due to their special relations with Europe: The Eurasian Economic Union and the Caribbean Community (CARICOM). Further EYIEL sections address recent WTO and investment case law as well as developments at the IMF. The volume also contains review essays of important recent books in international economic law and other aspects of international law which are connected to international economic relations. The chapter "Sovereignty, Ownership and Consent in Natural Resource Contracts: From Concepts to Practice" by Lorenzo Cotula is open access under a CC BY 4.0 license via link.springer.com. 
650 0 |a International law. 
650 0 |a Trade. 
650 0 |a International environmental law. 
650 0 |a Law-Europe. 
650 0 |a Natural resources. 
650 0 |a Sustainable development. 
650 1 4 |a International Economic Law, Trade Law.  |0 http://scigraph.springernature.com/things/product-market-codes/R19050 
650 2 4 |a International Environmental Law.  |0 http://scigraph.springernature.com/things/product-market-codes/R19070 
650 2 4 |a European Law.  |0 http://scigraph.springernature.com/things/product-market-codes/R20000 
650 2 4 |a Natural Resources.  |0 http://scigraph.springernature.com/things/product-market-codes/U39000 
650 2 4 |a Sustainable Development.  |0 http://scigraph.springernature.com/things/product-market-codes/U34000 
700 1 |a Bungenberg, Marc.  |e editor.  |4 edt  |4 http://id.loc.gov/vocabulary/relators/edt 
700 1 |a Krajewski, Markus.  |e editor.  |4 edt  |4 http://id.loc.gov/vocabulary/relators/edt 
700 1 |a Tams, Christian J.  |e editor.  |4 edt  |4 http://id.loc.gov/vocabulary/relators/edt 
700 1 |a Terhechte, Jörg Philipp.  |e editor.  |4 edt  |4 http://id.loc.gov/vocabulary/relators/edt 
700 1 |a Ziegler, Andreas R.  |e editor.  |4 edt  |4 http://id.loc.gov/vocabulary/relators/edt 
710 2 |a SpringerLink (Online service) 
773 0 |t Springer eBooks 
776 0 8 |i Printed edition:  |z 9783319977515 
776 0 8 |i Printed edition:  |z 9783319977539 
830 0 |a European Yearbook of International Economic Law,  |x 2364-8392 ;  |v 9 
856 4 0 |u https://doi.org/10.1007/978-3-319-97752-2  |z Full Text via HEAL-Link 
912 |a ZDB-2-LCR 
950 |a Law and Criminology (Springer-41177)